000 00848nam a2200217 u 4500
001 000274169
003 AM-YeHGA
005 20250618071814.0
008 031021s1961 ai r 000 0 arm d
040 _aAM-YeHGA
041 0 _aarm
100 1 _aՍիմոնյան, Կարեն Արամի,
_d1936-2018
_98967
245 1 0 _aԿրկես լուսնի վրա :
_b[Ֆանտաստիկ պատմվածք] /
_cԿ.Ա. Սիմոնյան; խմբ.՝ Ք. Միրխավոյան; Նկ.՝ Ս. Ստեփանյան.
260 _aԵրևան :
_bՀայպետհրատ,
_c1961.
300 _a10 էջ :
_bնկ. ;
_c29 սմ.
650 1 4 _aՀայ մանկական գրականություն
_xՊատմվածք
653 0 _aՖանտաստիկ
700 1 _aՍտեփանյան, Սուրեն Շավարշի,
_d1915-1977
_eնկ.
_4art
_91781
942 _2udc
_cBK
090 _c100980
999 _c99667
_d99667